বৈষম্য বিরোধী আন্দোলন : ছাত্র-জনতার গণ-অভ্যুত্থান-২০২৪ (দ্বিতীয় স্বাধীনতার ইতিহাসে মোড়ানো দিনলিপি) /

Dades bibliogràfiques
Autor principal: জুবায়েদ, মহিউদ্দিন বিন
Format: Llibre
Idioma:Bengali
Publicat: ঢাকা : অনুজ প্রকাশন, ২০২৫.
Matèries:
Classic Catalogue: View this record in Classic Catalogue
LEADER 01719nam a22003017a 4500
001 45720
003 BD-DhAAL
005 20260503173026.0
008 260503t2025 bg a|||| b||| 00| 0 ben d
020 |a 9789849921714 
040 |a BD-DhAAL  |c BD-DhAAL 
041 0 |a ben 
082 |a 320.95492  |2 23 
100 1 |a জুবায়েদ, মহিউদ্দিন বিন.  |9 60457 
245 |a বৈষম্য বিরোধী আন্দোলন :  |b ছাত্র-জনতার গণ-অভ্যুত্থান-২০২৪ (দ্বিতীয় স্বাধীনতার ইতিহাসে মোড়ানো দিনলিপি) /  |c মহিউদ্দিন বিন জুবায়েদ. 
260 |a ঢাকা :  |b অনুজ প্রকাশন,  |c ২০২৫. 
300 |a ৯৫ পৃষ্ঠা :  |b চিত্র ;  |c ২২ সে.মি. 
504 |a গ্রন্থপঞ্জিগত নির্দেশিকা অন্তর্ভুক্ত। 
526 0 |a BIGD  |x Nazim uddin Manager, Admin and logistics BIGD BRAC University. Course Name and No.: N/A 
541 1 |a Rokomri.com  |e 45720 
650 0 |a Political atrocities  |z Bangladesh  |9 18071 
650 0 |a Student movements. 
650 0 |a Students  |z Bangladesh  |x History.  |9 60519 
651 0 |a Bangladesh  |x Politics and government. 
651 0 |a Bangladesh  |x Politics and government  |y 2024-  |9 57233 
942 |c BK  |2 ddc 
999 |c 47892  |d 47892 
952 |0 0  |1 0  |2 ddc  |4 0  |6 320_954920000000000_JUN  |7 0  |9 79147  |a BIGD  |b BIGD  |d 2026-04-20  |e Rokomari.com  |g 175.00  |l 0  |o 320.95492 JUN  |p 3050045720  |r 2026-04-20  |t 1  |v 350.00  |w 2026-04-20  |y BK  |x Requisitioned by Nazim uddin Manager, Admin and logistics BIGD, BRAC University.